| 000 | 05434nam a22017537a 4500 | ||
|---|---|---|---|
| 003 | PE-LiUPU | ||
| 005 | 20250813170011.0 | ||
| 008 | 220914b |||||||| |||| 00| 0 spa d | ||
| 020 | _a9788436275490 | ||
| 040 |
_aPE-LiUPU _bspa _cPE-LiUPU _erda |
||
| 082 |
_223 _a624.17 _bB467c |
||
| 100 | 1 |
_aBenito Muñoz, Juan José _eautor _4aut |
|
| 245 | 1 | 0 |
_aCálculo de estructuras / _cJ.J. Benito Muñoz, R. Álvarez Cabal, E. López del Hierro Fernández, Eduardo Salete Casino |
| 250 | _aCuarta edición | ||
| 264 | 1 |
_aMadrid : _bUniversidad Nacional de Educación a Distancia, _c[2019] |
|
| 300 |
_a263 páginas : _bgráficos (blanco y negro) ; _c30 centímetros |
||
| 336 |
_aTexto _2rdacontent |
||
| 337 |
_asin mediación _2rdamedia |
||
| 338 |
_avolumen _2rdacarrier |
||
| 505 | _aConceptos básicos -- Generalidades -- Principios básicos -- Relaciones fundamentales -- Condiciones de contorno -- Determinación e indeterminación estática -- Indeterminación cinemática. Grados de libertad -- Métodos de cálculo de estructuras --Comparación entre los métodos de cálculo de estructuras -- El principio de los trabajos virtuales y teoremas de energía -- Introducción -- Problema de valores en el contorno. Planteamiento diferencial -- Trabajo, energía de deformación y sus complementarios -- Formulación integral del problema de valores en el contorno -- Aplicaciones del principio de los trabajos virtuales (P.T.V.) -- Teoremas energéticos -- Cálculo de sistemas isostáticos -- Introducción -- Métodos de resolución -- Estructuras complejas. Método de Henneberg -- Cálculo de desplazamientos -- Método de compatibilidad -- Introducción -- Liberación de vínculos. Elección de las incógnitas -- P. T. V. Principio de los trabajos virtuales -- Cálculo de movimientos -- Método de equilibrio -- Grados de libertad -- Relaciones de comportamiento de la barra prismática -- Formulación del método de la rigidez -- Método de cross -- Estructuras traslacionales -- Formulación matricial del método de la rigidez -- Estructuras simétricas -- Inestabilidad -- Grandes deformaciones -- Grandes desplazamientos -- No-linealidad geométrica -- Métodos de análisis. Planteamientos en amplificación -- Análisis de pórticos -- Cálculo plástico de estructuras de barras -.- Introducción -- Comportamiento de la sección -- Métodos paso a paso para el cálculo de estructuras de barras -- Métodos estático cinemático -- Teoremas básicos -- Cálculo de movimientos. | ||
| 526 | _aP203 | ||
| 526 | _aP200 | ||
| 526 | _aSEG65 | ||
| 526 | _aSEG64 | ||
| 526 | _aSEG63 | ||
| 526 | _aSEG62 | ||
| 526 | _aSEG61 | ||
| 526 | _aSEG60 | ||
| 526 | _aSEG59 | ||
| 526 | _aSEG58 | ||
| 526 | _aSEG57 | ||
| 526 | _aSEG56 | ||
| 526 | _aSEG55 | ||
| 526 | _aSEG54 | ||
| 526 | _aSEG53 | ||
| 526 | _aSEG52 | ||
| 526 | _aSEG51 | ||
| 526 | _aSEG50 | ||
| 526 | _aSEG49 | ||
| 526 | _aSEG48 | ||
| 526 | _aSEG47 | ||
| 526 | _aSEG46 | ||
| 526 | _aSEG24 | ||
| 526 | _aSEG23 | ||
| 526 | _aSEG22 | ||
| 526 | _aSEG21 | ||
| 526 | _aSEG20 | ||
| 526 | _aSEG19 | ||
| 526 | _aSEG18 | ||
| 526 | _aSEG17 | ||
| 526 | _aSEG16 | ||
| 526 | _aSEG14 | ||
| 526 | _aSEG13 | ||
| 526 | _aSEG12 | ||
| 526 | _aSEG11 | ||
| 526 | _aSEG10 | ||
| 526 | _aSEG09 | ||
| 526 | _aSEG06 | ||
| 526 | _aSEG05 | ||
| 526 | _aSEG04 | ||
| 526 | _aSEG03 | ||
| 526 | _aSEG02 | ||
| 526 | _aSEG68 | ||
| 526 | _aSEG66 | ||
| 526 | _aSEG45 | ||
| 526 | _aSEG25 | ||
| 526 | _aSEG01 | ||
| 526 | _aP163 | ||
| 526 | _aP162 | ||
| 526 | _aP161 | ||
| 526 | _aP160 | ||
| 526 | _aP159 | ||
| 526 | _aP158 | ||
| 526 | _aP157 | ||
| 526 | _aP156 | ||
| 526 | _aP155 | ||
| 526 | _aP154 | ||
| 526 | _aP153 | ||
| 526 | _aP152 | ||
| 526 | _aP151 | ||
| 526 | _aP150 | ||
| 526 | _aP149 | ||
| 526 | _aP142 | ||
| 526 | _aP141 | ||
| 526 | _aP140 | ||
| 526 | _aP139 | ||
| 526 | _aP138 | ||
| 526 | _aP137 | ||
| 526 | _aP132 | ||
| 526 | _aP131 | ||
| 526 | _aP130 | ||
| 526 | _aP126 | ||
| 526 | _aP125 | ||
| 526 | _aP124 | ||
| 526 | _aP123 | ||
| 526 | _aP115 | ||
| 526 | _aP122 | ||
| 526 | _aP121 | ||
| 526 | _aP116 | ||
| 526 | _a P114 | ||
| 526 | _aP112 | ||
| 526 | _aP111 | ||
| 526 | _aP104 | ||
| 526 | _aP103 | ||
| 526 | _aP102 | ||
| 526 | _aP101 | ||
| 526 | _aP100 | ||
| 526 | _aP96 | ||
| 526 | _aP95 | ||
| 526 | _aP93 | ||
| 526 | _aP92 | ||
| 526 | _aP91 | ||
| 526 | _aP88 | ||
| 526 | _aP83 | ||
| 526 | _aP82 | ||
| 526 | _aP79 | ||
| 526 | _aP78 | ||
| 526 | _aP75 | ||
| 526 | _aP74 | ||
| 526 | _aP71 | ||
| 526 | _aP69 | ||
| 526 | _a P51 | ||
| 526 | _aP49 | ||
| 526 | _aP48 | ||
| 526 | _aP47 | ||
| 526 | _aP33 | ||
| 526 | _aP31 | ||
| 526 | _a P30 | ||
| 526 | _aP29 | ||
| 526 | _aP27 | ||
| 526 | _aP26 | ||
| 526 | _aP25 | ||
| 526 | _aP24 | ||
| 526 | _a P22 | ||
| 526 | _aP10 | ||
| 526 | _aP09 | ||
| 526 | _a P08 | ||
| 526 | _aP06 | ||
| 526 | _aP05 | ||
| 526 | _aP04 | ||
| 526 | _aP01 | ||
| 650 | 7 |
_aEstructuras (Construcción) _xCálculo _2embne |
|
| 655 | 7 |
_aManuales universitarios _2tgfbne |
|
| 700 | 1 |
_aÁlvarez Cabal, Ramón _eautor _4aut |
|
| 700 | 1 |
_aLópez del Hierro, Enrique _eautor _4aut |
|
| 700 | 1 |
_aSalete Casino, Eduardo _eautor _4aut |
|
| 942 |
_2ddc _cBOOK _n0 |
||
| 980 |
_618226 _aJaime Vilcazán _81 _gALBERTO SANCHEZ Responsable de Automatización |
||
| 999 |
_c61564 _d61564 |
||